Yashin Trophy Winners and Runners-Up - Statistics

General Stats
  • This quiz has been taken 148 times
    80 since last reset
  • The average score is 10 of 12
Answer Stats
Answer % Correct
Alisson
99%
Alisson
99%
Alisson
99%
Ederson
96%
Gianluigi Donnarumma
96%
Gianluigi Donnarumma
96%
Thibaut Courtois
94%
Marc-André ter Stegen
80%
Emiliano Martinez
79%
Emiliano Martinez
79%
Édouard Mendy
57%
Unai Simón
29%
No matching quizzes found
Score Distribution
Percent of People with Each Score
Percentile by Number Answered
Your Score History
You have not taken this quiz since the last reset